| 000 | 00798nam a2200253 i 4500 | ||
|---|---|---|---|
| 003 | CO-BoRNBP | ||
| 005 | 20240723152416.0 | ||
| 007 | ta | ||
| 008 | 240711s2019 sp a|||| |||| 00| 0 spa d | ||
| 020 | _a9788491015284 | ||
| 040 |
_aCO-BoRNBP _bspa _cCO-BoRNBP _erda |
||
| 041 | 1 | _aespañol | |
| 082 |
_2I _a843.91 _bS299l |
||
| 100 | 1 |
_aSchamp, Tom _eautor _941713 |
|
| 245 | 1 | 3 |
_aEl libro más bonito de todos los colores _cTexto e ilustraciones: Tom Schamp |
| 250 | _aPrimera edición | ||
| 264 | 1 |
_aBarcelona, España _bCombel Editorial _cseptiembre de 2019 |
|
| 300 |
_a39 páginas _bilustración a color _calto 34cm ancho 28cm |
||
| 336 |
_2rdacontenido _atexto _btxt |
||
| 337 |
_2rdamedio _asin mediación _bn |
||
| 338 |
_2rdasoporte _avolumen _bnc |
||
| 650 | _2ARMARC | ||
| 942 |
_2ddc _cBKINF |
||
| 999 |
_c38191 _d38191 |
||